000 00450pab a2200157 454500
008 180718b2017 xxu||||| |||| 00| 0 eng d
100 _aTambe, Sandeep et al
245 _aHow does government microfinance impact the rural poor?: evidence from Madhya Pradesh
260 _c2017
300 _ap.81-87.
362 _a30 Dec
650 _aRural poor - India
650 _aMicrofinance
773 _aEconomic and Political Weekly
909 _a116727
999 _c116721
_d116721